[Event "Steinfurt Bezirksliga 1213"]
[Site "Germany"]
[Date "2013.04.13"]
[Round "8.7"]
[White "Kroeger, Ralf"]
[Black "Zachert, Axel"]
[Result "1/2-1/2"]
[WhiteElo "1439"]
[BlackElo "1562"]
[PlyCount "53"]
[EventDate "2012.09.22"]
[EventType "team-tourn"]
[EventRounds "9"]
[EventCountry "GER"]
[SourceTitle "EXT 2015"]
[Source "ChessBase"]
[SourceDate "2014.11.20"]
[SourceVersion "1"]
[SourceVersionDate "2014.11.20"]
[SourceQuality "1"]
[WhiteTeam "Steinfurt II"]
[BlackTeam "Westerkappeln"]
[WhiteTeamCountry "GER"]
[BlackTeamCountry "GER"]

1. d4 d5 2. c4 e6 3. Nc3 Nf6 4. Bg5 Be7 5. Nf3 0-0 6. e3 b6 7. Bd3 Bb7 8. 0-0 dxc4 9. Bxc4 Nbd7 10. Bd3 c5 11. Qe2 Nd5 12. Bxe7 Qxe7 13. Nxd5 Bxd5 14. dxc5 Nxc5 15. Bc4 Bb7 16. a3 Rfd8 17. b4 Ne4 18. Rac1 Rac8 19. Nd4 Nf6 20. Ba6 Rxc1 21. Rxc1 Bd5 22. Nc6 Bxc6 23. Rxc6 Qd7 24. Rc1 g6 25. g3 Qa4 26. Ra1 Qc6 27. Qb2 1/2-1/2

[Event "Muensterland Verbandsklasse-B 0809"]
[Site "Germany"]
[Date "2008.11.29"]
[Round "4.8"]
[White "Zachert, Axel"]
[Black "Kaiser, Guenter1111"]
[Result "1-0"]
[WhiteElo "1642"]
[BlackElo "1635"]
[PlyCount "91"]
[EventDate "2008.09.13"]
[EventType "team-tourn"]
[EventRounds "9"]
[EventCountry "GER"]
[SourceTitle "EXT 2010"]
[Source "ChessBase"]
[SourceDate "2010.11.25"]
[SourceVersion "1"]
[SourceVersionDate "2010.11.25"]
[SourceQuality "1"]
[WhiteTeam "Westerkappeln"]
[BlackTeam "Ochtrup"]
[WhiteTeamCountry "GER"]
[BlackTeamCountry "GER"]

1. d4 d5 2. Nf3 c6 3. g3 Nf6 4. Bg2 Bf5 5. 0-0 e6 6. b3 Bd6 7. Ba3 Bxa3 8. Nxa3 Nbd7 9. c4 0-0 10. Nb1 Re8 11. Nc3 dxc4 12. bxc4 Qa5 13. Qb3 Qb6 14. Rfe1 Ne4 15. e3 Qxb3 16. axb3 Nxc3 17. Nh4 Ne4 18. f3 Nef6 19. e4 Bg6 20. e5 Nh5 21. f4 Bc2 22. Re3 g6 23. h3 g5 24. fxg5 Ng7 25. g4 Nf8 26. Rc1 Bg6 27. Nf3 Rad8 28. h4 c5 29. dxc5 Rd3 30. Rxd3 Bxd3 31. Nd4 Rd8 32. Nb5 Be2 33. Bxb7 Ne8 34. Nxa7 Nc7 35. b4 Nd7 36. Nc6 Re8 37. Rc2 Bf3 38. Rd2 Nxe5 39. Nxe5 Bxb7 40. c6 Bc8 41. b5 Kf8 42. b6 Na6 43. b7 Bxb7 44. cxb7 Nb8 45. Nd7+ Ke7 46. Nf6 1-0

[Event "Muensterland Verbandsklasse-B 0809"]
[Site "Germany"]
[Date "2008.10.25"]
[Round "3.8"]
[White "Jaeschke, Thomas"]
[Black "Zachert, Axel"]
[Result "0-1"]
[WhiteElo "1028"]
[BlackElo "1642"]
[PlyCount "62"]
[EventDate "2008.09.13"]
[EventType "team-tourn"]
[EventRounds "9"]
[EventCountry "GER"]
[SourceTitle "EXT 2010"]
[Source "ChessBase"]
[SourceDate "2010.11.25"]
[SourceVersion "1"]
[SourceVersionDate "2010.11.25"]
[SourceQuality "1"]
[WhiteTeam "Gronau"]
[BlackTeam "Westerkappeln"]
[WhiteTeamCountry "GER"]
[BlackTeamCountry "GER"]

1. e4 d5 2. e5 Bf5 3. d4 e6 4. Nf3 a6 5. a3 c5 6. c3 Nc6 7. Be3 Qb6 8. b3 Na5 9. Nbd2 h6 10. Be2 Nc6 11. 0-0 cxd4 12. cxd4 Nge7 13. b4 Bh7 14. Nb3 Nf5 15. Qd2 Be7 16. h3 0-0 17. Rac1 Rfc8 18. Nc5 Rc7 19. Na4 Qa7 20. Rc3 Rac8 21. Rfc1 b6 22. b5 axb5 23. Bxb5 Na5 24. Nb2 Bxa3 25. Rxc7 Rxc7 26. Rxc7 Qxc7 27. Qc1 Qxc1+ 28. Bxc1 Nb3 29. Na4 Bxc1 30. Nxb6 Nbxd4 31. Na4 Nxb5 0-1

[Event "Steinfurt Bezirksliga 0405"]
[Site "Germany"]
[Date "2004.11.20"]
[Round "3.7"]
[White "Winkelsett, Carsten"]
[Black "Zachert, Axel"]
[Result "0-1"]
[WhiteElo "1527"]
[BlackElo "1624"]
[PlyCount "92"]
[EventDate "2004.09.25"]
[EventType "team-tourn"]
[EventRounds "11"]
[EventCountry "GER"]
[SourceTitle "EXT 2006"]
[Source "ChessBase"]
[SourceDate "2005.11.24"]
[SourceVersion "1"]
[SourceVersionDate "2005.11.24"]
[SourceQuality "1"]
[WhiteTeam "Reckenfeld"]
[BlackTeam "Westerkappeln"]
[WhiteTeamCountry "GER"]
[BlackTeamCountry "GER"]

1. d4 d5 2. c4 e6 3. Nf3 Nf6 4. Nc3 Be7 5. Bf4 0-0 6. e3 c6 7. Qc2 Nbd7 8. c5 Nh5 9. Bg3 b6 10. b4 a5 11. Be2 axb4 12. Na4 bxc5 13. Nxc5 Nxc5 14. dxc5 Qa5 15. Nd2 Qxc5 16. Qxc5 Bxc5 17. Bxh5 Be7 18. Be5 c5 19. Be2 f6 20. Bb2 e5 21. a3 c4 22. Nxc4 dxc4 23. Bxc4+ Kh8 24. a4 Ba6 25. Bb3 Rac8 26. Rc1 Rxc1+ 27. Bxc1 Rd8 28. Bd2 g6 29. f3 Bc5 30. h3 Kg7 31. g3 Rd3 32. Bc2 Ra3 33. Bc1 Rc3 34. Kd1 Bxe3 35. Bb2 Rc8 36. Rh2 Rd8+ 37. Ke1 Bc4 38. h4 Ra8 39. Bd1 b3 40. f4 exf4 41. gxf4 Bxf4 42. Rg2 Re8+ 43. Be2 Bc7 44. Bc3 Ba5 45. Kd2 Rxe2+ 46. Rxe2 Bxc3+ 0-1

[Event "Steinfurt Bezirksliga 0304"]
[Site "Germany"]
[Date "2003.11.22"]
[Round "2.8"]
[White "Zachert, Axel"]
[Black "Mueller, Hans Guenter"]
[Result "1/2-1/2"]
[WhiteElo "1623"]
[BlackElo "1349"]
[PlyCount "76"]
[EventDate "2003.10.18"]
[EventType "team-tourn"]
[EventRounds "9"]
[EventCountry "GER"]
[SourceTitle "EXT 2005"]
[Source "ChessBase"]
[SourceDate "2004.11.15"]
[SourceVersion "1"]
[SourceVersionDate "2004.11.15"]
[SourceQuality "1"]
[WhiteTeam "Westerkappeln"]
[BlackTeam "Neuenkirchen II"]
[WhiteTeamCountry "GER"]
[BlackTeamCountry "GER"]

1. d4 Nf6 2. Nf3 d6 3. b3 g6 4. Bb2 Bg7 5. e3 0-0 6. c4 b6 7. Be2 Bb7 8. 0-0 Nbd7 9. Nc3 e6 10. Qc2 Re8 11. Rad1 Rc8 12. e4 Qe7 13. Rfe1 a6 14. a3 e5 15. d5 c6 16. Qd2 Nc5 17. Qc2 Bh6 18. b4 Ncd7 19. Qd3 c5 20. b5 axb5 21. Nxb5 Ba6 22. Nc3 Ra8 23. Ra1 Nh5 24. g3 Ndf6 25. Bc1 Bxc1 26. Rexc1 h6 27. Rcb1 Reb8 28. Rb3 Bc8 29. Rab1 Ra6 30. Nd2 Qd7 31. a4 Ng4 32. Qf3 Qe7 33. a5 Rxa5 34. Rxb6 Rxb6 35. Rxb6 Qd7 36. Qxg4 Qc7 37. Rc6 Bxg4 38. Rxc7 Bxe2 1/2-1/2